Small-scale industry /
Guardado en:
| Autores Corporativos: | , |
|---|---|
| Otros Autores: | |
| Formato: | Libro |
| Idioma: | English |
| Publicado: |
New York :
United Nations,
1969.
|
| Series: | UNIDO monographs on industrial development, monograph no. 11
|
| Materias: | |
| Etiquetas: |
Agregar Etiqueta
Sin Etiquetas, Sea el primero en etiquetar este registro!
|
| LEADER | 01181cam a22002655a 4500 | ||
|---|---|---|---|
| 001 | EIQ.libpla000102 | ||
| 008 | 710209s1969####nyu######b####100#0#eng#d | ||
| 005 | 20060508172939.0 | ||
| 245 | 1 | 0 | |a Small-scale industry / |c [by P. C. Alexander] |
| 260 | |a New York : |b United Nations, |c 1969. | ||
| 300 | |a viii, 46 p. ; |c 24 cm. | ||
| 490 | 1 | |a UNIDO monographs on industrial development, monograph no. 11 | |
| 500 | |a "United Nations publications. Sales no.: E.69.II.B.39, vol. 11." | ||
| 500 | |a "Based on the proceedings of the International Symposium on Industrial Development (Athens, November-December 1967)" | ||
| 504 | |a Bibliografía: p. 46. | ||
| 700 | 1 | |a Alexander, P. C. | |
| 711 | 2 | |a International Symposium on Industrial Development |d (1967 : |c Athens, Greece) | |
| 810 | 2 | |a United Nations. |b Industrial Development Organization. |t UNIDO monographs on industrial development, |v no. 11 | |
| 082 | 0 | 0 | |a 338.6/42 |
| 650 | 4 | |a Pequeña empresa |x Desarrollo. | |
| 650 | 4 | |a Small business |x Development. | |
| 010 | |a 79020330 | ||
| 040 | |a DLC |c DLC |d AR-BbSID | ||
| 110 | 2 | |a United Nations Industrial Development Organization, Vienna. | |
| 859 | |a AR-BbSID |b BIB. PLAPIQUI |h 338.642 |i N 113 |p 118 | ||
